| 000 | 00400nam a22001337a 4500 | ||
|---|---|---|---|
| 020 | _a0-02-360951-6 | ||
| 082 | _a005.133 JOH | ||
| 100 |
_aKALIN, MARTIN , JOHNSONBAUGH, RICHARD _964636 |
||
| 245 | _aAPPLICATIONS PROGRAMMING IN ANSI C | ||
| 260 |
_aNEW YORK _bMACMILLAN _c1990 |
||
| 300 | _aXVII,745P | ||
| 650 |
_aC - COMPUTER PROGRAM LANGUAGE.ANSI C. , PROGRAMMING IN ANSI C _964637 |
||
| 942 | _cBK | ||
| 999 |
_c573068 _d573068 |
||